LDR 01046naa#a2200181#i#450# 001 EN\\bibl\126441 005 20260629201901.1 011 ## _a2223-9987 100 ## _a20260629b2026####ek#y0engy0150####ca 102 ## _aRU 200 1# _aMethodology for Designing Robotic Systems for Parallel Train Break-Up on Automated Humps _eJournal article 210 1# _aSaint-Petersburg _cFSBEI HE "Emperor Alexander I St. Petersburg State Transport University" _d2026 215 ## _a18 с. 608 ## _aJournal article _2local 675 ## _aПути для формирования поездов. Сортировочные горки. Сортировочные станции. 656.212.5 _aАвтоматика. Теория, методы расчета и аппаратура систем автоматического управления и регулирования. Техническая кибернетика. Техника автоматизации. 681.5 _z 700 #1 _aKudyukin _gVladimir Valer'evich 700 #1 _aKuz'min _gVladislav Sergeevich 856 4# _aatjournal.ru _u